000 00671nam a2200229Ii 4500
003 JO-AjNU
008 230605s9999||||xx |||||||||||||| ||und||
017 _a2011/4/1664
020 _a978-9957-09-473-7
040 _aJO-AjNU
_bara
_erda
_cJO-AjNU
041 _aara
050 1 4 _aPJ7858 2011
100 3 _aتأليف العقيلي،جعفر,
_eauthor
_947596
245 0 0 _aربيع في عمان
250 _aط1
264 3 1 _aعمان:دار أزمنة للنشر،2011
300 _a79ص
336 _atext
_btxt
_2rdacontent
337 _aunmediated
_bn
_2rdamedia
338 _avolume
_bnc
_2rdacarrier
650 4 _aالأدب العربي - قصص
_947597
999 _aA20788
_c24356
_d24356